ՀՀ Գիտությունների ազգային ակադեմիայի հիմնարար գիտական գրադարան  =   Fundamental Scientific Library of NAS RA

Физическая механика полимеров при низких температурах / (Record no. 69667)

MARC details
000 -LEADER
fixed length control field 01131nam a2200241 a 4500
001 - CONTROL NUMBER
control field 000201534
003 - CONTROL NUMBER IDENTIFIER
control field AM-YeHGA
005 - DATE AND TIME OF LATEST TRANSACTION
control field 20250617123950.0
008 - FIXED-LENGTH DATA ELEMENTS--GENERAL INFORMATION
fixed length control field 000213s1976 ru |||||r|||||||||0|rus|d
020 ## - INTERNATIONAL STANDARD BOOK NUMBER
Terms of availability 00.88
040 ## - CATALOGING SOURCE
Original cataloging agency AM-YeHGA
041 0# - LANGUAGE CODE
Language code of text/sound track or separate title rus
090 ## - LOCALLY ASSIGNED LC-TYPE CALL NUMBER (OCLC); LOCAL CALL NUMBER (RLIN)
-- 70851
100 1# - MAIN ENTRY--PERSONAL NAME
Personal name Черский, Игорь Николаевич
245 10 - TITLE STATEMENT
Title Физическая механика полимеров при низких температурах /
Statement of responsibility, etc. И.Н. Черский, А.Г. Козлов ; Отв. ред. Б.А. Аннин ; АН СССР. Сиб. отд-ние. Якутский фил. Ин-т физико-технических проблем Севера.
260 ## - PUBLICATION, DISTRIBUTION, ETC.
Place of publication, distribution, etc. Новосибирск :
Name of publisher, distributor, etc. Наука. Сиб. отд-ние,
Date of publication, distribution, etc. 1976.
300 ## - PHYSICAL DESCRIPTION
Extent 135 с.
650 14 - SUBJECT ADDED ENTRY--TOPICAL TERM
Topical term or geographic name entry element Полимеры при низких температурах
650 14 - SUBJECT ADDED ENTRY--TOPICAL TERM
Topical term or geographic name entry element Физика полимеров
700 1# - ADDED ENTRY--PERSONAL NAME
Personal name Козлов, Анатолий Гаврилович
710 2# - ADDED ENTRY--CORPORATE NAME
Corporate name or jurisdiction name as entry element Ин-т физико-технических проблем Севера Якутского фил. СО АН СССР
942 ## - ADDED ENTRY ELEMENTS (KOHA)
Source of classification or shelving scheme Universal Decimal Classification
Koha item type Գրքեր / Books
Holdings
Withdrawn status Lost status Source of classification or shelving scheme Damaged status Not for loan Collection Home library Current library Date acquired Total checkouts Full call number Barcode Date last seen Price effective from Koha item type Public note
    Universal Decimal Classification     General Fundamental Scientific Library Fundamental Scientific Library 22/12/2016   PII/382721 FL0362419 22/12/2016 22/12/2016 Գրքեր / Books 30 Days Loan


ՀՀ ԳԱԱ հիմնարար գիտական գրադարան
ՀՀ,Երևան 0019
Մարշալ Բաղրամյան 24/6
հեռախոս:(374-10) 52-47-50
Հետադարձ կապ

All site content, except where otherwise noted, is licensed under a
Creative Commons License